| 000 | 01360nam a2200337 i 4500 | ||
|---|---|---|---|
| 001 | 193570 | ||
| 003 | ES-MaACL | ||
| 005 | 20250720091906.0 | ||
| 007 | ta | ||
| 008 | 221013s2021 sp | |||| 000 p spa | ||
| 020 | _a9789731643687 | ||
| 040 |
_bspa _cES-MaACL |
||
| 080 | _a821.134.2-14"19" | ||
| 100 | 1 |
_aLucía Megías, José Manuel, _d1967- _4aut _eaut _9240291 |
|
| 245 | 1 | 0 |
_aFlores en el asfalto _b= Flori pe asfalt / _cJosé Manuel Lucía Megías ; traducción de Felix Nicolau , Alba Diz Villanueva |
| 250 | _aPrimera edición: 2021 | ||
| 250 | _aEdición bilingüe español-rumano | ||
| 264 |
_aMadrid : _bHuerga y Fierro, _c2021 |
||
| 300 |
_a40 páginas ; _c24 cm |
||
| 336 |
_2rdacontent _aTexto |
||
| 337 |
_2rdamedia _asin mediación |
||
| 338 |
_2rdacarrier _avolumen |
||
| 655 | 7 |
_aPoesías _2tgfbne _9176539 |
|
| 852 |
_aES-MaACL _bR. 154457 _cDEPOJ _jN-9580 _hDonación: José Manuel Lucía Megías _9201033 _xEncuadernación rústica con solapas |
||
| 852 |
_aES-MaACL _bR. 154457 _cDEPOJ _jN-9297 _hDonación: José Manuel Lucía Megías _xEncuadernación rústica con solapas _9203973 |
||
| 903 |
_aLucía Megías, José Manuel, _d1967- _ednr _9240291 |
||
| 942 |
_n0 _cMONOGRAFIA |
||
| 999 |
_c193570 _d193570 |
||